| 000 | 00994cam a2200229 4500 | ||
|---|---|---|---|
| 001 | L158994 | ||
| 008 | 051213n2015 000 0 eng u | ||
| 020 | _a9781848064317 | ||
| 035 | _a(Sirsi) u158994 | ||
| 041 | 0 | _aeng | |
| 050 | 0 | 4 | _a693.834 $2 18 |
| 100 | 1 | _aTimmins, Gary | |
| 245 | 0 | 0 |
_aSound insulation in dwellings _bPart 3 _bMaterial change of use (conversions) |
| 260 |
_aLondon _bBRE _c2015 |
||
| 300 |
_a8p _c30cm |
||
| 490 | 0 |
_aBRE Good Building Guide _vGG83-3 |
|
| 520 | _aProvides practical guidance on understanding the requirements of national building regulations concerning the provision of sound insulation in dwellings. Part 3 aims to give practical advice and outline guidance on appropriate constructions that will provide a reasonable level of sound insulation between dwellings formed by a material change of use (conversions). | ||
| 651 | 4 |
_aUnited Kingdom _y |
|
| 690 | _aBUILT ENVIRONMENT-CONSTRUCTION DESIGN-ACOUSTICS | ||
| 700 | 1 | _aWest, Ian | |
| 942 | _n0 | ||
| 999 |
_c115622 _d115622 |
||